<?xml version="1.0" encoding="UTF-8"?>
<collection xmlns="http://www.loc.gov/MARC21/slim">
<record>
  <controlfield tag="001">165487</controlfield>
  <controlfield tag="005">20260112132214.0</controlfield>
  <datafield tag="024" ind1="8" ind2=" ">
    <subfield code="2">sideral</subfield>
    <subfield code="a">76022</subfield>
  </datafield>
  <datafield tag="037" ind1=" " ind2=" ">
    <subfield code="a">ART-2011-76022</subfield>
  </datafield>
  <datafield tag="041" ind1=" " ind2=" ">
    <subfield code="a">spa</subfield>
  </datafield>
  <datafield tag="100" ind1=" " ind2=" ">
    <subfield code="a">Tarifa Castilla, María Josefa</subfield>
    <subfield code="u">Universidad de Zaragoza</subfield>
    <subfield code="0">(orcid)0000-0001-7723-2238</subfield>
  </datafield>
  <datafield tag="245" ind1=" " ind2=" ">
    <subfield code="a">La biblioteca del genovés Juan Luis de Musante (1587), maestro mayor de obras reales de Felipe II</subfield>
  </datafield>
  <datafield tag="260" ind1=" " ind2=" ">
    <subfield code="c">2011</subfield>
  </datafield>
  <datafield tag="520" ind1="3" ind2=" ">
    <subfield code="a">Juan Luis de Musante, genovés afincado en España desde la década de los 70 del siglo XVI, trabajó al servicio del monarca Felipe II en el último cuarto de la centuria en diversas construcciones regias como maestro mayor de obras reales de Navarra, quedando al frente de la dirección de la edificación de la ciudadela de Pamplona (c. 1575- 1587). Este arquitecto poseyó una de las más nutridas y voluminosas bibliotecas de su tiempo, en lo que se refiere a artistas que desarrollaron su actividad fuera del ámbito cortesano, como revela el presente estudio. La publicación del inventario de los 114 volúmenes impresos que conformaban su librería contribuye a un mayor conocimiento de la adquisición y uso por parte de los artífices en el Quinientos de la tratadística artística, junto a diversas materias afines a la construcción como las matemáticas, la
geometría, la aritmética, la perspectiva o la fortificación, entre otras disciplinas históricas, filosóficas y científicas; en definitiva, cuáles eran las fuentes gráficas y literarias de nuestros artistas, los libros y tratados más leídos y manejados por los arquitectos del siglo XVI.</subfield>
  </datafield>
  <datafield tag="506" ind1="0" ind2=" ">
    <subfield code="a">Access copy available to the general public</subfield>
    <subfield code="f">Unrestricted</subfield>
  </datafield>
  <datafield tag="540" ind1=" " ind2=" ">
    <subfield code="9">info:eu-repo/semantics/openAccess</subfield>
    <subfield code="a">by-nc-nd</subfield>
    <subfield code="u">https://creativecommons.org/licenses/by-nc-nd/4.0/deed.es</subfield>
  </datafield>
  <datafield tag="655" ind1=" " ind2="4">
    <subfield code="a">info:eu-repo/semantics/article</subfield>
    <subfield code="v">info:eu-repo/semantics/publishedVersion</subfield>
  </datafield>
  <datafield tag="710" ind1="2" ind2=" ">
    <subfield code="1">3007</subfield>
    <subfield code="2">465</subfield>
    <subfield code="a">Universidad de Zaragoza</subfield>
    <subfield code="b">Dpto. Historia del Arte</subfield>
    <subfield code="c">Área Historia del Arte</subfield>
  </datafield>
  <datafield tag="773" ind1=" " ind2=" ">
    <subfield code="g">23 (2011), 31-46</subfield>
    <subfield code="p">Anu. Dep. Hist. Teor. Arte</subfield>
    <subfield code="t">Anuario del Departamento de Historia y Teoría del Arte</subfield>
    <subfield code="x">1130-5517</subfield>
  </datafield>
  <datafield tag="856" ind1="4" ind2=" ">
    <subfield code="s">130900</subfield>
    <subfield code="u">http://zaguan.unizar.es/record/165487/files/texto_completo.pdf</subfield>
    <subfield code="y">Versión publicada</subfield>
  </datafield>
  <datafield tag="856" ind1="4" ind2=" ">
    <subfield code="s">1995451</subfield>
    <subfield code="u">http://zaguan.unizar.es/record/165487/files/texto_completo.jpg?subformat=icon</subfield>
    <subfield code="x">icon</subfield>
    <subfield code="y">Versión publicada</subfield>
  </datafield>
  <datafield tag="909" ind1="C" ind2="O">
    <subfield code="o">oai:zaguan.unizar.es:165487</subfield>
    <subfield code="p">articulos</subfield>
    <subfield code="p">driver</subfield>
  </datafield>
  <datafield tag="951" ind1=" " ind2=" ">
    <subfield code="a">2026-01-12-11:08:17</subfield>
  </datafield>
  <datafield tag="980" ind1=" " ind2=" ">
    <subfield code="a">ARTICLE</subfield>
  </datafield>
</record>
</collection>